[Event "CRI-ch"]
[Site "San Jose"]
[Date "2019.01.20"]
[Round "10"]
[White "Murillo Gonzalez, Carlos E"]
[Black "Jimenez Garcia, Emanuel"]
[Result "0-1"]
[WhiteElo "2008"]
[BlackElo "2335"]
[PlyCount "100"]
[EventDate "2019.01.10"]
[EventType "tourn"]
[EventRounds "11"]
[EventCountry "CRI"]
[SourceTitle "CBM 189 Extra"]
[Source "ChessBase"]
[SourceDate "2019.05.31"]
[SourceVersion "1"]
[SourceVersionDate "2019.05.31"]
[SourceQuality "1"]

1. e4 g6 2. d4 Bg7 3. Nf3 d6 4. Nc3 Nf6 5. Be2 0-0 6. 0-0 Nc6 7. h3 a6 8. a4 e5 9. d5 Ne7 10. Nd2 a5 11. Nc4 Nd7 12. Be3 f5 13. f3 f4 14. Bf2 g5 15. Nb5 Ng6 16. c3 h5 17. b4 axb4 18. cxb4 Nf6 19. Re1 g4 20. hxg4 hxg4 21. Kf1 Nh5 22. fxg4 Ng3+ 23. Bxg3 fxg3+ 24. Bf3 Bh6 25. Ne3 Nf4 26. Re2 Nxe2 27. Kxe2 Bxe3 28. Kxe3 Bd7 29. Nc3 Qg5+ 30. Kd3 Rf7 31. a5 c6 32. dxc6 bxc6 33. Kc2 Qg6 34. Qe2 d5 35. Kb3 d4 36. Na4 Be6+ 37. Kb2 Bxg4 38. a6 Qd6 39. Nc5 d3 40. Qxd3 Qxd3 41. Nxd3 Bxf3 42. gxf3 Rxf3 43. Nxe5 Rf2+ 44. Kc3 g2 45. Rg1 Rxa6 46. Ng4 Rf3+ 47. Kd4 Ra2 48. Ne5 Rf1 49. Rxg2+ Rxg2 50. Nxc6 Rd1+ 0-1

[Event "CRI-ch"]
[Site "San Jose"]
[Date "2019.01.15"]
[Round "6"]
[White "Murillo Gonzalez, Carlos E"]
[Black "Duran Vega, Sergio"]
[Result "0-1"]
[WhiteElo "2008"]
[BlackElo "2396"]
[PlyCount "72"]
[EventDate "2019.01.10"]
[EventType "tourn"]
[EventRounds "11"]
[EventCountry "CRI"]
[SourceTitle "CBM 189 Extra"]
[Source "ChessBase"]
[SourceDate "2019.05.31"]
[SourceVersion "1"]
[SourceVersionDate "2019.05.31"]
[SourceQuality "1"]

1. e4 c5 2. Nc3 Nc6 3. g3 g6 4. Bg2 Bg7 5. d3 d6 6. Nf3 e5 7. 0-0 Nge7 8. Nd2 0-0 9. Nc4 Be6 10. a4 d5 11. exd5 Nxd5 12. Ne2 Ndb4 13. Be3 b6 14. c3 Nxd3 15. Bxc6 Bxc4 16. Bxa8 Qxa8 17. b3 Ba6 18. f3 e4 19. f4 Bc8 20. Qc2 Bh3 21. Rfd1 Bg4 22. Rd2 h5 23. Rb1 h4 24. b4 c4 25. Nd4 Bf6 26. Nb5 Kg7 27. Qa2 a6 28. Nd4 Rh8 29. Qxc4 hxg3 30. Nc6 gxh2+ 31. Kh1 Bf3+ 32. Rg2 Qc8 33. Ne5 Bxg2+ 34. Kxg2 Qh3+ 35. Kh1 Nxe5 36. Qxe4 Nf3 0-1

[Event "CRI-ch"]
[Site "San Jose"]
[Date "2019.01.12"]
[Round "3"]
[White "Murillo Gonzalez, Carlos E"]
[Black "Valdes Romero, Leonardo"]
[Result "0-1"]
[WhiteElo "2008"]
[BlackElo "2399"]
[PlyCount "63"]
[EventDate "2019.01.10"]
[EventType "tourn"]
[EventRounds "11"]
[EventCountry "CRI"]
[SourceTitle "CBM 189 Extra"]
[Source "ChessBase"]
[SourceDate "2019.05.31"]
[SourceVersion "1"]
[SourceVersionDate "2019.05.31"]
[SourceQuality "1"]

1. e4 d6 2. d4 Nf6 3. Nc3 g6 4. Nf3 Bg7 5. Be2 0-0 6. 0-0 e6 7. a4 Nc6 8. a5 a6 9. Be3 h6 10. h3 e5 11. dxe5 dxe5 12. Qc1 Kh7 13. Rd1 Qe7 14. Bc4 Rd8 15. Nd5 Nxd5 16. exd5 e4 17. dxc6 exf3 18. Rxd8 Qxd8 19. Bxf7 fxg2 20. Qd1 Qf6 21. Bd5 bxc6 22. Bxg2 Rb8 23. Ra4 Rxb2 24. Rc4 Ra2 25. c3 Qf5 26. Be4 Qxa5 27. Qd8 Bf5 28. Bd4 Ra1+ 29. Kh2 Be5+ 30. Bxe5 Qxe5+ 31. Kg2 Bxe4+ 32. f3 0-1

[Event "CRI qual National"]
[Site "San Jose"]
[Date "2018.04.07"]
[Round "3"]
[White "Quesada Campos, Jordi Alessandre"]
[Black "Murillo Gonzalez, Carlos E"]
[Result "1-0"]
[WhiteElo "1975"]
[BlackElo "2022"]
[PlyCount "39"]
[EventDate "2018.04.05"]
[EventType "tourn"]
[EventRounds "6"]
[EventCountry "CRI"]
[SourceTitle "EXT 2019"]
[Source "ChessBase"]
[SourceDate "2018.10.10"]
[SourceVersion "1"]
[SourceVersionDate "2018.10.10"]
[SourceQuality "1"]

1. e4 e6 2. d4 d5 3. Bd3 b6 4. exd5 Qxd5 5. Nf3 Bb7 6. 0-0 Nf6 7. Bf4 Qd8 8. Qe2 Be7 9. Nbd2 Nbd7 10. c3 0-0 11. Rfe1 h6 12. Ne5 Re8 13. Nxf7 Qc8 14. Qxe6 Bd5 15. Nxh6+ Kh8 16. Nf7+ Kg8 17. Nd6+ Bxe6 18. Nxc8 Bf8 19. Rxe6 Rxe6 20. Bc4 1-0

[Event "Panama op 3rd"]
[Site "Panama City"]
[Date "2013.11.04"]
[Round "8"]
[White "Fiora, Emilio"]
[Black "Murillo Gonzalez, Carlos E"]
[Result "1-0"]
[WhiteElo "2030"]
[BlackElo "1916"]
[PlyCount "39"]
[EventDate "2013.10.30"]
[EventType "swiss"]
[EventRounds "9"]
[EventCountry "PAN"]
[SourceTitle "EXT 2014"]
[Source "ChessBase"]
[SourceDate "2013.11.20"]
[SourceVersion "1"]
[SourceVersionDate "2013.11.20"]
[SourceQuality "1"]

1. e4 e6 2. d4 d5 3. Nc3 Bb4 4. a3 Bxc3+ 5. bxc3 c5 6. e5 Ne7 7. Bd3 Nbc6 8. Qg4 cxd4 9. cxd4 Qc7 10. Ne2 Bd7 11. Bg5 Ng6 12. 0-0 Na5 13. Ng3 Nxe5 14. dxe5 Qxe5 15. Rae1 Qc3 16. Nf5 0-0 17. Ne7+ Kh8 18. Qh4 f5 19. Ng6+ Kg8 20. Nxf8 1-0

[Event "Panama op 3rd"]
[Site "Panama City"]
[Date "2013.11.03"]
[Round "6"]
[White "Aizpurua, Patrick Emilio"]
[Black "Murillo Gonzalez, Carlos E"]
[Result "1-0"]
[WhiteElo "2149"]
[BlackElo "1916"]
[PlyCount "55"]
[EventDate "2013.10.30"]
[EventType "swiss"]
[EventRounds "9"]
[EventCountry "PAN"]
[SourceTitle "EXT 2014"]
[Source "ChessBase"]
[SourceDate "2013.11.20"]
[SourceVersion "1"]
[SourceVersionDate "2013.11.20"]
[SourceQuality "1"]

1. c4 c5 2. Nf3 Nf6 3. g3 d5 4. Bg2 Nc6 5. 0-0 e5 6. cxd5 Nxd5 7. Nc3 Nc7 8. a3 Be7 9. b4 f6 10. b5 Nd4 11. Qa4 Bd7 12. Nxd4 cxd4 13. Nd5 Nxb5 14. Qb3 Nd6 15. a4 Bc6 16. Ba3 Qd7 17. Rfc1 Rc8 18. Qa2 f5 19. Rc5 e4 20. Nxe7 Kxe7 21. Qb2 Rhd8 22. Qxd4 Kf7 23. Bh3 g6 24. Bb2 Ne8 25. Qh8 Ke6 26. Re5+ Kd6 27. Ba3+ Kc7 28. Re7 1-0

[Event "Panama op 3rd"]
[Site "Panama City"]
[Date "2013.11.02"]
[Round "4"]
[White "Pazos Gambarrotti, Plinio Efrain"]
[Black "Murillo Gonzalez, Carlos E"]
[Result "1-0"]
[WhiteElo "2298"]
[BlackElo "1916"]
[PlyCount "67"]
[EventDate "2013.10.30"]
[EventType "swiss"]
[EventRounds "9"]
[EventCountry "PAN"]
[SourceTitle "EXT 2014"]
[Source "ChessBase"]
[SourceDate "2013.11.20"]
[SourceVersion "1"]
[SourceVersionDate "2013.11.20"]
[SourceQuality "1"]

1. d4 Nf6 2. c4 e6 3. Nc3 d5 4. Nf3 Be7 5. Bg5 0-0 6. e3 Nbd7 7. Qc2 dxc4 8. Bxc4 c5 9. 0-0 cxd4 10. exd4 Nb6 11. Bd3 h6 12. Bh4 Bd7 13. Rad1 Rc8 14. Ne5 Bc6 15. Qe2 Nbd5 16. Bg3 Qa5 17. Rc1 Bb4 18. Nc4 Qd8 19. Be5 a6 20. Rfd1 Bxc3 21. bxc3 Ba4 22. Re1 b5 23. Nd6 Rxc3 24. Rxc3 Nxc3 25. Qd2 Ncd5 26. Nb7 Qc8 27. Nc5 Nd7 28. Bd6 Nxc5 29. dxc5 Rd8 30. Re4 Nf6 31. Rf4 Rxd6 32. cxd6 Qc6 33. Rxf6 gxf6 34. d7 1-0

[Event "Panama op 3rd"]
[Site "Panama City"]
[Date "2013.10.31"]
[Round "2"]
[White "Murillo Gonzalez, Carlos E"]
[Black "Frometa Castillo, Zirka"]
[Result "0-1"]
[WhiteElo "1916"]
[BlackElo "2128"]
[PlyCount "46"]
[EventDate "2013.10.30"]
[EventType "swiss"]
[EventRounds "9"]
[EventCountry "PAN"]
[SourceTitle "EXT 2014"]
[Source "ChessBase"]
[SourceDate "2013.11.20"]
[SourceVersion "1"]
[SourceVersionDate "2013.11.20"]
[SourceQuality "1"]

1. e4 c6 2. d4 d5 3. Nc3 g6 4. e5 Bg7 5. f4 Nh6 6. Nf3 0-0 7. h3 Nf5 8. Kf2 e6 9. g4 Nh4 10. Be3 Nxf3 11. Kxf3 f6 12. Kg2 c5 13. Nb5 fxe5 14. dxe5 d4 15. Bd2 Bd7 16. Kg3 Bc6 17. Rh2 Nd7 18. Qe1 Nxe5 19. Rf2 Qd7 20. Nxd4 cxd4 21. fxe5 Rxf2 22. Kxf2 Rf8+ 23. Kg3 Qd5 0-1